Poď sa učiť, čo sa sluší!

Bibliographic Details
Main Author: Disney, Walt, 1901-1966 (Author)
Other Authors: Kostíková, Brigita (Translator)
Format: Book
Language:Slovak
French
PhysicalDescription:115 strán farebné ilustrácie 23 cm
Published: Bratislava Egmont Neografia 1994
ISBN:8071346454
Edition:1. vyd.
Subjects:

MARC

LEADER 00000cam a2200000 a 4500
001 vtls001078397
003 SK-MaSNL
005 20260301111124.0
008 240131s1994 xo a br 00000 slo
015 |a SNBA1995/04 
020 |a 8071346454  |q (viazané) 
035 |a SNK000021232 
040 |a SNK  |b slo  |c SNK  |e AACR2 
041 1 |a slo  |h fre 
044 |a xo  |c SK 
072 7 |a 395  |x Spoločenské správanie. Etiketa  |2 konspekt 
072 7 |a 0/9-053.2  |x Literatúra pre deti a mládež (náučná)  |2 konspekt 
080 |a 177.1(087.5)  |2 1997 
080 |a 395  |2 2011 
080 |a (0.053.2)  |2 2011 
100 1 |a Disney, Walt,  |d 1901-1966  |4 aut  |9 228783 
245 1 0 |a Poď sa učiť, čo sa sluší!  |c Walt Disney ; [z francúzštiny preložila Brigita Kostíková] 
250 |a 1. vyd. 
260 |a Bratislava  |b Egmont Neografia  |c 1994  |e Bratislava  |f Slovenská Grafia 
300 |a 115 strán  |b farebné ilustrácie  |c 23 cm 
500 |a Farebná ilustrácia na titulnej strane 
650 0 7 |a etiketa  |2 SNKPH  |9 31845 
655 7 |a publikácie pre deti  |2 SNKPH  |9 70148 
700 1 |a Kostíková, Brigita  |4 trl  |9 44929 
919 |a 80-7134-645-4 
954 |a odborná, vedecká literatúra cudzojazyčná (svetová)  |2 lita 
958 |a DE 
958 |a TL 
958 |a OP 
958 |a DB 
958 |a NS 
958 |a APR 
958 |a OND 
958 |a EUIPO 
968 |b FR 
999 |c 705643  |d 707573 
952 |a SNK  |b SNK  |y PREZ  |7 0  |p 17A0995524  |o snkSC 87884  |i snkKSP 3255/95  |0 0  |1 0  |4 0  |d 2012-08-29  |f 1  |l 0  |r 2026-02-23 21:14:30  |w 2026-02-23 
952 |t P60, <04>, [BOOK], {604}  |a SNK  |b SNK  |y VYP  |7 0  |p 17A0079878  |o snkSC 87884 D1  |0 0  |1 0  |4 0  |d 1997-07-10  |l 0  |r 2004-12-31 00:00:00  |w 2026-02-23